00677nam a2200229 a 4500001001300000003000900013005001700022008004100039020001000080082001700090100002400107245004800131260005600179500003500235505001000270650001700280700002400297902000800321942000700329952009600336999001500432nice12345678IN_TiNIC20260116011549.0050524s1892 wesa grp 000 0 eng  ac10000a954.025bLAN aLane-Poole, Stanley aHistory of the Moghul Emperors of Hindustan aWestministerbArchibald Constable and Companyc1892 aincludes index and biblioraphy2 aIndex aMughal India1 aLane-Poole, Stanley bSRS cBK 00104070aHMIbHMId2007-04-09g100.00l0o954.025 LANp801r2007-04-09w2026-01-16yARB c2632d2632